000 01612cad a22002415a 4500
001 L153850
008 110913e20110913xxkd f s f000 0 eng d
035 _a(Sirsi) u153850
041 0 _aeng
050 0 4 _a333.33 $2 18
110 1 _aUnited Kingdom
_bDepartment for Communities and Local Government
_94939
245 0 0 _aHouse price index
_bJuly 2011
_h[electronic resource]
260 _aLondon
_bDCLG
_c2011
490 0 _aDCLG House Price Index
_vJuly 2011
520 _aUK house prices decreased by 1.52% since June 2010 and increased by 0.3% since June 2011. The mix-adjusted average house price was £207 690 in July 2011 (not seasonally adjusted). UK house prices fell by 0.7% in the quarter ending July 2011 compared with a decrease of 0.2% in the quarter ending April 2011(seasonally adjusted). Annual average house prices fell by 1.5% in England, 1.8% in Scotland, 0.1% in Wales and 4.1% in Northern Ireland. Annual average house prices paid by first time buyers in July were 0.5% lower than a year ago. Average house prices paid by former owner occupiers decreased by 1.9%. Annual average house prices paid for new properties in June 2011 were 6.7% higher than a year ago. By comparison average house prices paid on pre-owned dwellings were 2.1% lower.
521 _aAdvanced
590 _aKA NTK
650 2 4 _aDCLG HOUSE PRICE INDEX
651 4 _aUnited Kingdom
_y
690 _aPROPERTY-RESIDENTIAL PROPERTY-RESIDENTIAL PROPERTY MARKET
856 4 0 _uhttps://www.communities.gov.uk/documents/statistics/pdf/1986649.pdf
_zView this item free of charge at www.communities.gov.uk
942 _n0
999 _c112724
_d112724